Daily and seasonal activities of a guild of the coprophagous, burrowing beetle (Coleptera Scarabaeidae Scarabaeinae) in tropical grassland (Registro nro. 13283)

Detalles MARC
000 -CABECERA
Campo de control 004800000a22001330004500
090 ## - CLASIFICACIÓN LOCAL
Colección AR
Consecutivo 04186
041 0# - IDIOMA
Código de idioma para texto/pista de sonido o título separado
100 1# - ASIENTO PRINCIPAL--NOMBRE PERSONAL
Nombre personal Montes de Oca , Enrique
245 10 - MENCION DE TITULO
Título Daily and seasonal activities of a guild of the coprophagous, burrowing beetle (Coleptera Scarabaeidae Scarabaeinae) in tropical grassland
500 ## - NOTA GENERAL
Nota general <Literatura de escarabajos coprófagos>
700 1# - ASIENTO SECUNDARIO - NOMBRE PERSONAL
Nombre personal Halffter, Gonzalo
773 1# - Item fuente:
Título Tropical Zoology
Paginas del Articulo 159-180
Lugar, editorial y fecha de publicación 1995
Información sobre la relación 8
942 ## - ELEMENTOS ADICIONALES (KOHA)
Tipo de ítem Artículo
Existencias
Withdrawn status Lost status Damaged status No para préstamo Colección Ubicación Permanente Ubicación actual Fecha de adquisición Fuente de Valor Datos de publicación Seriada Total Checkouts Número topográfico Inventario / Código de Barras Date last seen Ejemplar Price effective from Forma de adquisición Tipo de material
      No para Préstamo Hemeroteca Bogotá Bogotá 08/11/2006 Trujillo, Diego Fuera de circulación   AR 04186 023621 25/03/2015 1 25/03/2015   Artículo
      No para Préstamo Hemeroteca Bogotá Bogotá 26/09/2007 Ospina, Mónica Fuera de circulación   AR 04186 025284 25/03/2015 2 25/03/2015   Artículo